[Event "82nd Tata Steel Challengers 2020"]
[Site "Wijk aan Zee"]
[Date "2020.01.19"]
[Round "8.6"]
[White "Saduakassova, Dinara"]
[Black "Grandelius, Nils"]
[Result "0-1"]
[WhiteElo "2519"]
[BlackElo "2673"]
[Annotator "TA RC"]
[PlyCount "60"]
[EventDate "2020.01.11"]
[EventType "tourn"]
[EventCountry "NED"]
[SourceTitle "playchess.com"]
[Source "ChessBase"]
[SourceQuality "1"]

{[%evp 19,112,0,-6,-8,-4,-3,0,0,0,-47,-4,-18,0,-13,-16,-20,0,0,0,-20,-5,-24,0,-90,-90,-124,-105,-113,-118,-128,-100,-146,-140,-194,-192,-207,-193,-256,-258,-240,-217,-224,-237,-235,-242,-273,-222,-218,-227,-225,-214,-220,-213,-208,-222,-263,-255,-244,0,-182,-182,-151,-157,-238,-247,-331,-296,-338,-327,-338,-313,-451,-410,-532,-498,-575,-455,-476,-468,-452,-458,-744,-764,-757,-733,-769,-770,-695,-712,-697,-671,-652,-601,-29991,-29992]} 1. d4 Nf6 2. c4 g6 3. g3 Bg7 4. Bg2 d5 5. cxd5 Nxd5 6. Nf3 Nb6 7. Nc3 Nc6 8. O-O Nxd4 9. Nxd4 Qxd4 10. Qxd4 Bxd4 {[#]} 11. a4 $146 {D71: Fianchetto Grünfeld: 3 g3 d5 sidelines and 5 cxd5 (without Nf3).} ({Predecessor:} 11. Nb5 Be5 12. f4 Bd6 13. Nxd6+ exd6 14. e4 Bd7 15. b3 Bc6 16. Bb2 O-O 17. Rac1 Rfe8 18. Rfe1 Nd7 {0-1 (60) Lopez Martinez,J (2581)-Krysa,L (2503) Barcelona 2018}) 11... Bxc3 12. bxc3 a5 13. Bf4 {The position is equal.} c6 14. Bc7 Nd7 15. Rfd1 O-O 16. c4 Re8 17. Ra3 Nc5 18. Bb6 Na6 19. c5 Nb4 20. e4 f5 21. Bh3 (21. Bc7 $11) 21... fxe4 $17 22. Bxc8 Rexc8 ({Don't take} 22... Raxc8 23. Rd7 $15) 23. Rd7 Nd5 24. Rxb7 Kf7 25. Kf1 Ke6 26. Ke2 (26. Ra2 $17) 26... Rf8 $19 27. Bc7 h5 28. Rab3 (28. h3 $142) 28... Rf5 29. Bb8 Nf6 30. Rc3 Ng4 {Played: Nf6-d7} 0-1

[Event "82nd Tata Steel Challengers 2020"]
[Site "Wijk aan Zee"]
[Date "2020.01.19"]
[Round "8.7"]
[White "Smeets, Jan"]
[Black "Keymer, Vincent"]
[Result "0-1"]
[WhiteElo "2585"]
[BlackElo "2527"]
[Annotator "ChessBase"]
[PlyCount "94"]
[EventDate "2020.01.11"]
[EventType "tourn"]
[EventCountry "NED"]
[SourceTitle "playchess.com"]
[Source "ChessBase"]
[SourceQuality "1"]
[TimeControl "40/6000+30:20/3000+30:900+30"]

1. e4 {[%emt 0:00:00]} c5 {[%emt 0:00:00]} 2. Nf3 {[%emt 0:00:00]} d6 {[%emt 0:00:00]} 3. d4 {[%emt 0:00:00]} cxd4 {[%emt 0:00:00]} 4. Nxd4 {[%emt 0:00:00]} Nf6 {[%emt 0:00:00]} 5. f3 {[%emt 0:00:00]} e5 {[%emt 0:00:00]} 6. Nb3 {[%emt 0:00:13]} d5 {[%emt 0:00:00]} 7. Bg5 {[%emt 0:02:44]} Be6 {[%emt 0:00:01]} 8. Bxf6 {[%emt 0:01:20]} gxf6 {[%emt 0:00:06]} 9. exd5 {[%emt 0:00:30]} Qxd5 {[%emt 0:00:16]} 10. Qxd5 {[%emt 0:00:12]} Bxd5 {[%emt 0:00:04]} 11. Nc3 {[%emt 0:00:07]} Be6 {[%emt 0:00:19]} 12. O-O-O {[%emt 0:00:31]} Nc6 {[%emt 0:00:22]} 13. Bb5 {[%emt 0:00:53]} Rc8 {[%emt 0:00:11]} 14. Nd5 {[%emt 0:02:51]} f5 {[%emt 0:00:10]} 15. Nf6+ {[%emt 0:02:23]} Ke7 {[%emt 0:00:05]} 16. Nd5+ {[%emt 0:00:07]} Ke8 {[%emt 0:04:20]} 17. Ba4 {[%emt 0:08:01]} Bh6+ {[%emt 0:05:14]} 18. Kb1 {[%emt 0:00:07]} Kf8 {[%emt 0:01:15]} 19. Nc5 {[%emt 0:02:45]} Nd4 {[%emt 0:05:37]} 20. Nxe6+ {[%emt 0:03:37]} fxe6 {[%emt 0:02:48]} 21. Nf6 {[%emt 0:02:30]} Ke7 {[%emt 0:14:42]} 22. Nd7 {[%emt 0:00:55]} Rhd8 {[%emt 0:00:11]} 23. Nxe5 {[%emt 0:35:56]} Bg7 {[%emt 0:04:52]} 24. f4 {[%emt 0:02:09]} Bxe5 {[%emt 0:02:12]} 25. fxe5 {[%emt 0:00:06]} Rc4 {[%emt 0:08:36]} 26. b3 {[%emt 0:26:56]} Rc7 {[%emt 0:26:35]} 27. Rd3 {[%emt 0:15:07]} Ne2 {[%emt 0:08:05]} 28. Rh3 {[%emt 0:00:20]} Kf8 {[%emt 0:00:59]} 29. Kb2 {[%emt 0:00:10]} Nf4 {[%emt 0:07:21]} 30. Rg3 {[%emt 0:03:41]} Rd4 {[%emt 0:02:25]} 31. a3 {[%emt 0:00:42]} Ng6 {[%emt 0:03:51]} 32. Re1 {[%emt 0:00:25]} Rd5 {[%emt 0:02:49]} 33. b4 {[%emt 0:00:30]} Rxe5 {[%emt 0:02:26]} 34. Rd1 {[%emt 0:00:33]} Re2 {[%emt 0:00:58]} 35. Rd8+ {[%emt 0:00:29]} Ke7 {[%emt 0:01:16]} 36. Ra8 {[%emt 0:00:08]} a6 {[%emt 0:00:49]} 37. h4 {[%emt 0:00:10]} Kf6 {[%emt 0:02:56]} 38. h5 {[%emt 0:00:35]} Nf4 {[%emt 0:00:29]} 39. Rf8+ {[%emt 0:00:53]} Ke5 {[%emt 0:02:12]} 40. h6 {[%emt 0:00:00]} Rxg2 {[%emt 0:00:00]} 41. Rc3 {[%emt 0:23:46]} Rxc3 {[%emt 0:08:55]} 42. Kxc3 {[%emt 0:00:05]} Nd5+ {[%emt 0:01:55]} 43. Kd3 {[%emt 0:02:19]} f4 {[%emt 0:02:28]} 44. Rf7 {[%emt 0:00:25]} Nf6 {[%emt 0:08:07]} 45. Rxb7 {[%emt 0:03:09]} Ne4 {[%emt 0:01:44]} 46. Rg7 {[%emt 0:13:33]} Rd2+ {[%emt 0:02:14]} 47. Kc4 {[%emt 0:00:05]} f3 {[%emt 0:00:15] Kd4+} 0-1

[Event "82nd Tata Steel Challengers 2020"]
[Site "Wijk aan Zee"]
[Date "2020.01.21"]
[Round "9.1"]
[White "Grandelius, Nils"]
[Black "Anton Guijarro, David"]
[Result "0-1"]
[WhiteElo "2673"]
[BlackElo "2694"]
[Annotator "TA"]
[PlyCount "64"]
[EventDate "2020.01.11"]
[EventType "tourn"]
[EventCountry "NED"]
[SourceTitle "playchess.com"]
[Source "ChessBase"]
[SourceQuality "1"]

{[%evp 9,64,-11,-9,-12,-12,-2,-6,-15,-11,-4,-22,-14,0,-5,-5,-43,-37,-35,-24,-36,-32,-82,-25,-33,-29,-17,-20,-32,-42,-160,-172,-200,-187,-173,-183,-200,-195,-198,-197,-182,-195,-368,-277,-276,-278,-301,-313,-388,-373,-597,-580,-657,-661,-642,-643,-599,-559]} 1. Nf3 d5 2. g3 g6 3. c4 dxc4 4. Na3 Bg7 5. Nxc4 Nc6 6. d3 {A09: Réti Opening: 1 Nf3 d5 2 c4} e5 7. Bd2 a5 (7... Nge7 8. h4 h6 9. Bc3 f6 10. Ne3 Be6 11. h5 g5 {0-1 (72) Grischuk,A (2771)-Nepomniachtchi,I (2763) St Petersburg 2018}) 8. Bg2 {The position is equal.} Nge7 9. Bc3 $146 {[%cal Rf3e5]} ({Predecessor:} 9. O-O O-O 10. Bc3 f6 {½-½ (59) Dastan,B (2529)-Samani,Y (2263) Kocaeli 2017}) 9... f6 10. b3 O-O 11. O-O Be6 12. e4 b5 13. Ne3 Nd4 14. b4 Qd7 15. Qd2 Rfc8 (15... Bh6 $17) 16. Bxd4 $1 $11 exd4 17. Nc2 axb4 {Strongly threatening ...c5.} 18. Ncxd4 Bf7 19. Nb3 (19. Qxb4 $15 c5 20. Qxb5) 19... c5 $17 20. d4 c4 $1 {[%cal Rc4b3]} 21. Nc5 Qd6 22. Bh3 {[#]} Rxc5 $1 23. dxc5 {[#]} Qxd2 $1 (23... Qxc5 24. Qd7 $15) 24. Nxd2 f5 25. Rab1 $2 (25. Rad1 {was called for.} c3 26. Nb3) 25... Bc3 ({Don't do} 25... Rxa2 26. Nf3 $19) 26. Nf3 Rxa2 27. Rfd1 b3 {[%cal Bb4b3,Bb3b2][%mdl 32]} ({Not} 27... fxe4 28. Ng5 $17) 28. exf5 {intending Ng5.} Bf6 29. Rd6 $2 (29. fxg6 Bxg6 30. Be6+ Kg7 31. Rxb3 cxb3 32. Bxb3) 29... b2 $19 {Black is clearly winning.} 30. Bf1 Ra1 31. Rdd1 Rxb1 32. Rxb1 Bd5 {Accuracy: White = 34%, Black = 78%.} 0-1

[Event "82nd Tata Steel Challengers 2020"]
[Site "Wijk aan Zee"]
[Date "2020.01.21"]
[Round "9.2"]
[White "L'Ami, Erwin"]
[Black "Mamedov, Rauf"]
[Result "1-0"]
[WhiteElo "2606"]
[BlackElo "2659"]
[Annotator "TA"]
[PlyCount "83"]
[EventDate "2020.01.11"]
[EventType "tourn"]
[EventCountry "NED"]
[SourceTitle "playchess.com"]
[Source "ChessBase"]
[SourceQuality "1"]

{[%evp 14,83,49,19,46,45,64,65,64,77,87,41,46,39,43,27,27,23,43,29,50,29,29,33,60,7,11,4,5,0,13,6,26,16,38,37,39,39,38,38,39,38,41,42,63,57,92,97,101,95,95,104,97,98,85,77,100,93,186,204,330,343,322,227,217,246,332,325,453,446,462,422]} 1. d4 Nf6 2. c4 g6 3. Nf3 Bg7 4. g3 O-O 5. Bg2 d6 6. O-O Nc6 7. Nc3 a6 8. Bf4 h6 {E63: King's Indian: Fianchetto: Panno Variation with 7...a6} (8... Rb8 9. Rc1 h6 10. d5 e5 11. Bd2 Nd4 12. Ne1 c5 13. dxc6 bxc6 14. e3 Nf5 15. Bxc6 Rxb2 16. Nd3 {0-1 (39) Jumabayev,R (2633)-Chigaev,M (2640) Riga 2019}) 9. Qc1 g5 10. Bd2 Bf5 {White is slightly better.} 11. d5 Na5 {[%cal Bc6a5,Ba5c4,Bc4d2][%mdl 32]} 12. h4 $146 (12. b3 {keeps more tension.} c5 13. h4 g4 14. Ne1 Kh7 15. Nc2) ({Predecessor:} 12. b3 c5 13. h4 g4 14. Ne1 h5 15. e4 Bg6 16. Nd3 {0-1 (38) Ambartsumova,K (2359)-Bodnaruk,A (2432) Sochi 2017}) 12... Nxc4 13. hxg5 Nxd2 14. gxf6 Nxf3+ 15. Bxf3 Bxf6 16. Qxh6 Bg7 17. Qf4 e6 18. Kg2 Be5 19. Qh6 (19. Qd2 $14) 19... Qf6 $11 20. Qxf6 Bxf6 21. Rac1 Rab8 22. Rfd1 Rfc8 23. b3 Kf8 24. Be4 Bxe4+ 25. Nxe4 Be7 26. f4 exd5 27. Rxd5 c6 $1 {[%cal Rc6d5]} 28. Rh5 {Strongly threatening f5.} d5 29. Nf2 $1 Ba3 30. Rch1 Re8 31. Kf3 Bb2 32. Ng4 Ke7 33. Nh6 Rh8 34. g4 a5 35. g5 a4 (35... Kf8 $16) 36. bxa4 $18 Rhf8 (36... Bc3 {was called for.} 37. e4 dxe4+ 38. Kxe4 Rbd8) 37. Rb1 Bc3 38. e4 dxe4+ 39. Kxe4 Kd6 40. Rh3 Ba5 41. Kf5 Kc5 42. Rd3 {Accuracy: White = 66%, Black = 45%.} 1-0

[Event "82nd Tata Steel Challengers 2020"]
[Site "Wijk aan Zee"]
[Date "2020.01.21"]
[Round "9.3"]
[White "Keymer, Vincent"]
[Black "Ganguly, Surya Shekhar"]
[Result "1/2-1/2"]
[WhiteElo "2527"]
[BlackElo "2636"]
[Annotator "TA"]
[PlyCount "73"]
[EventDate "2020.01.11"]
[EventType "tourn"]
[EventCountry "NED"]
[SourceTitle "playchess.com"]
[Source "ChessBase"]
[SourceQuality "1"]

{[%evp 11,73,6,27,32,25,30,32,30,28,17,0,0,1,0,0,0,-14,-24,22,0,0,0,0,0,16,6,6,6,37,22,28,10,10,13,10,10,21,0,0,0,0,0,0,-10,-10,-10,-10,-10,-10,-6,-8,-10,-10,-10,-11,-26,-29,-58,-58,-106,-106,-106,-106,-106]} 1. c4 e6 2. Nc3 d5 3. d4 Nf6 4. cxd5 exd5 5. Bg5 c6 6. Qc2 ({Predecessor:} 6. e3 h6 7. Bh4 Be6 8. Bd3 Nbd7 9. Nge2 g5 10. Bg3 Nh5 {½-½ (37) Sonis,F (2422)-Moroni,L (2457) Civitanova Marche 2016}) 6... Be6 7. e3 {D36: Queen's Gambit Declined: Exchange Variation: Main line (5 Bg5 c6 6 Qc2)} Nbd7 8. Bd3 h6 9. Bh4 {White is slightly better.} g5 10. Bg3 Nh5 11. Nge2 Nxg3 12. Nxg3 h5 13. e4 $146 (13. Nf5 h4 14. O-O-O {½-½ (43) Karjakin,S (2783)-Meier,G (2630) chess.com INT 2017}) 13... dxe4 14. Ngxe4 Nb6 15. O-O-O Qe7 $1 ({Avoid the trap} 15... Qxd4 $2 16. Ba6 $1 $18 {[%mdl 512]}) 16. Nc5 O-O-O 17. Rhe1 Rxd4 18. Nxe6 fxe6 {[#]} 19. Rxe6 $1 {[%mdl 512]} Qd8 (19... Qxe6 $2 {too greedy.} 20. Bf5 $18) 20. Bf5 Rxd1+ $1 21. Qxd1 Kc7 22. Qxd8+ Kxd8 23. Ne4 g4 24. Ng5 {Nf7+ is the strong threat.} Rg8 $1 {[%cal Rg8g5]} ({Don't blunder} 24... Bh6 $2 {[#]} 25. Rxh6 $1 {[%mdl 512]} Rxh6 26. Nf7+ Ke7 27. Nxh6 $18) 25. Nf7+ Kc7 26. Rg6 Rg7 27. Rxg7 Bxg7 $11 {[%mdl 4096] Endgame KBN-KBN} 28. Bg6 h4 29. Bf5 Bd4 30. Bxg4 Bxf2 31. Ne5 Nd5 32. Bf3 Nb4 33. a3 Bd4 34. axb4 {Strongly threatening Ng6.} Bxe5 35. Kc2 Bxh2 36. Kb3 Be5 37. Bg4 {Accuracy: White = 76%, Black = 83%.} 1/2-1/2

[Event "82nd Tata Steel Challengers 2020"]
[Site "Wijk aan Zee"]
[Date "2020.01.21"]
[Round "9.4"]
[White "Eljanov, Pavel"]
[Black "Saduakassova, Dinara"]
[Result "1/2-1/2"]
[WhiteElo "2650"]
[BlackElo "2519"]
[Annotator "TA"]
[PlyCount "107"]
[EventDate "2020.01.11"]
[EventType "tourn"]
[EventCountry "NED"]
[SourceTitle "playchess.com"]
[Source "ChessBase"]
[SourceQuality "1"]

{[%evp 15,107,8,4,18,15,0,10,-2,15,21,20,6,16,6,19,26,68,53,70,38,45,53,60,48,60,8,13,10,92,0,0,0,0,0,46,-14,-14,-10,0,0,0,0,0,-22,-26,-71,-69,-72,-63,-66,-75,-68,-56,-79,-61,-82,-64,-75,-76,-76,-73,-68,-75,-76,-67,-76,-76,-76,-76,-104,-95,-95,-95,-95,-95,-95,-95,-95,-43,-60,0,0,0,0,0,0,0,0,0,0,0,0,0,0]} 1. c4 c5 2. Nc3 Nc6 3. g3 g6 4. Bg2 Bg7 5. Nf3 d6 6. O-O e6 7. e3 Nge7 8. d4 O-O 9. Re1 {A37: Symmetrical English vs ...g6: 4 Bg2 Bg7 5 Nf3} Rb8 10. Rb1 a6 $146 ({Predecessor:} 10... b6 11. b3 d5 12. cxd5 exd5 13. Ba3 Re8 14. Rc1 cxd4 15. exd4 Bg4 16. Nb5 Qd7 {1-0 (85) Eljanov,P (2680)-Tan,J (2502) chess.com INT 2019}) 11. a4 Qb6 {[%cal Rc5d4]} 12. b3 cxd4 13. exd4 Nxd4 14. Nxd4 Bxd4 15. Ne4 e5 16. Bg5 $1 $36 {[%cal Rg5e7][%mdl 3072] White has compensation. White has the initiative.} d5 17. c5 Qc7 18. Nf6+ {[%mdl 64] [#] Double Attack, Discovered Attack} Kg7 19. Qd2 $1 ({Stronger than} 19. Nxd5 Nxd5 20. Bxd5 Qxc5 $17) ({Reject} 19. Bxd5 h6 $17) 19... Ng8 20. Nxd5 (20. Nxg8 $14 Kxg8 21. Bf6) 20... Qxc5 $11 21. Rbc1 Qa7 (21... Qd6 $1 $11) 22. b4 ({Better is} 22. Rxe5 $16 {Re4 is the strong threat.} Bxe5 23. Be3) 22... Be6 23. Nc7 Bf5 24. a5 b6 {[#] Hoping for ...bxa5.} 25. Be3 (25. g4 $14 Rfc8 26. axb6 (26. gxf5 Rxc7 27. Rxc7 Qxc7 $15) 26... Bxb6 27. gxf5 Rxc7 28. Rxc7 Qxc7 29. Rc1) 25... bxa5 26. bxa5 Rfc8 27. Bxd4 Qxd4 28. Qxd4 exd4 29. Nxa6 Rb5 30. Nc7 Rxa5 {Strongly threatening ...Nf6.} 31. Ne8+ Kf8 32. Nd6 Rxc1 33. Rxc1 Be6 34. Nb7 Ra3 35. Nc5 Bf5 36. Rd1 Bg4 37. f3 Bxf3 38. Bxf3 Rxf3 39. Rxd4 $17 {[%mdl 4096] Endgame KRN-KRN} Rc3 40. Rd8+ Kg7 41. Ne4 Rc2 42. g4 Nf6 43. Nxf6 Kxf6 {KR-KR} 44. Rd5 Re2 45. h3 h6 46. Ra5 Ke6 (46... Re5 $17 47. Ra7 Re7 48. Ra6+ Kg5) 47. Ra7 h5 (47... Rb2 $15) 48. Ra6+ $11 {The position is equal.} Ke5 49. gxh5 gxh5 50. Ra5+ Kf4 {White must now prevent ...f5.} 51. Rxh5 f5 52. h4 Kg4 53. Rg5+ Kxh4 54. Rxf5 {Accuracy: White = 62%, Black = 50%.} 1/2-1/2

[Event "82nd Tata Steel Challengers 2020"]
[Site "Wijk aan Zee"]
[Date "2020.01.21"]
[Round "9.5"]
[White "Warmerdam, Max"]
[Black "Van Foreest, Lucas"]
[Result "1/2-1/2"]
[WhiteElo "2498"]
[BlackElo "2523"]
[Annotator "TA"]
[PlyCount "89"]
[EventDate "2020.01.11"]
[EventType "tourn"]
[EventCountry "NED"]
[SourceTitle "playchess.com"]
[Source "ChessBase"]
[SourceQuality "1"]

{[%evp 13,89,18,18,15,24,8,8,10,12,10,18,10,4,11,13,2,40,29,29,20,34,23,54,47,37,43,42,43,36,31,45,45,36,52,50,47,45,29,56,53,80,77,72,66,71,80,77,48,63,66,58,42,75,88,79,25,25,13,13,14,14,0,0,0,0,0,0,0,0,0,0,0,0,0,0,0,0,0]} 1. c4 e6 2. Nc3 Nf6 3. e4 d5 4. e5 d4 5. exf6 dxc3 6. bxc3 Qxf6 7. d4 b6 8. Be2 {A18: English Opening: Flohr-Mikenas System (1 c4 Nf6 2 Nc3 e6 3 e4)} Bb7 9. Bf3 Bxf3 10. Nxf3 Bd6 11. Qa4+ c6 12. O-O O-O 13. Re1 (13. Rb1 Qf5 14. Be3 h6 15. Rxb6 axb6 16. Qxa8 {1-0 (44) Nepomniachtchi,I (2773)-Harikrishna,P (2731) Kolkata 2019}) 13... Rc8 14. c5 {[#]} Bc7 $146 ({Predecessor:} 14... bxc5 15. Bg5 Qf5 16. dxc5 Qxc5 {½-½ (34) Potkin,V (2617)-Aleksandrov,A (2539) Loo 2014}) 15. cxb6 Bxb6 16. Ne5 Qd8 17. Ba3 Qd5 18. Rad1 Bc7 19. c4 Qa5 20. Qb3 Bxe5 $1 21. Rxe5 Qc7 22. Rg5 Nd7 23. Bb2 Rab8 24. Qc2 f6 25. Rg3 Rd8 26. h4 e5 27. Bc3 exd4 28. Rxd4 {[#] Hoping for Rdg4!} Ne5 29. Re4 Qd6 30. Re1 Nxc4 31. h5 Ne5 32. h6 Rb7 33. Qf5 g6 34. Bxe5 ({White should try} 34. f4 $16 Qc5+ 35. Kh1) 34... fxe5 $11 35. Rxe5 Rf8 {The position is equal.} 36. Qe4 Rb4 37. Qe2 Qd4 38. Re8 {[#] White threatens Qe6+ and mate.} Qa1+ $1 39. Kh2 {Threatening mate with Qe6+.} Rh4+ $1 40. Rh3 Rxh3+ 41. Kxh3 Qh1+ $1 42. Kg3 {Qe6+ would kill now.} Qxh6 43. Qe6+ Kh8 $1 44. Qf6+ Kg8 $1 45. Qe6+ {Accuracy: White = 72%, Black = 80%.} 1/2-1/2

[Event "82nd Tata Steel Challengers 2020"]
[Site "Wijk aan Zee"]
[Date "2020.01.21"]
[Round "9.6"]
[White "Nihal Sarin"]
[Black "Smeets, Jan"]
[Result "1/2-1/2"]
[WhiteElo "2618"]
[BlackElo "2585"]
[Annotator "TA"]
[PlyCount "89"]
[EventDate "2020.01.11"]
[EventType "tourn"]
[EventCountry "NED"]
[SourceTitle "playchess.com"]
[Source "ChessBase"]
[SourceQuality "1"]

{[%evp 10,89,29,16,19,12,39,37,36,34,41,23,28,25,30,29,27,13,19,14,20,14,15,6,27,24,19,15,25,26,18,19,26,9,19,23,41,7,15,4,7,7,9,13,33,0,0,0,5,0,32,33,33,33,40,39,40,40,40,47,45,0,0,0,62,33,66,0,0,0,0,0,0,0,0,0,0,0,0,0,0,0]} 1. e4 c6 2. Nf3 d5 3. Nc3 Bg4 4. h3 Bxf3 5. Qxf3 Nf6 6. Be2 e6 {B11: Caro-Kann: Two Knights Variation} 7. O-O dxe4 (7... d4 {looks sharper.} 8. Nb1 Nbd7 9. d3 Bd6 10. a4 O-O) (7... Be7 8. Rd1 d4 9. Nb1 c5 10. d3 Nc6 11. a4 O-O 12. Na3 Nd7 13. Qg3 Bh4 14. Qh2 {0-1 (69) Vachier Lagrave,M (2780)-Dreev,A (2677) Moscow 2019}) 8. Nxe4 Nxe4 {White is slightly better.} 9. Qxe4 Nd7 10. d4 Nf6 11. Qd3 Qc7 $146 ({Predecessor:} 11... Be7 12. c4 O-O 13. Be3 Qc7 14. Bf3 Rfd8 15. Qb3 Rd7 {½-½ (57) Milos,G (2618)-Rodshtein,M (2622) Bursa 2010}) 12. Rd1 Be7 13. c4 O-O 14. Be3 Rfd8 15. Qb3 Rd7 16. Bf3 Rad8 17. a3 h6 18. g3 b6 19. Kg2 c5 {[%cal Rc5d4]} 20. Qc3 a5 21. Rac1 cxd4 22. Bxd4 Ne8 23. h4 (23. Be5 $5 {[%cal Re5c7]} Bd6 24. Bxd6 Rxd6 25. b4 $11) 23... Bf6 24. Bxf6 Nxf6 25. b4 axb4 26. axb4 Rxd1 27. Rxd1 (27. Bxd1 {with more complications.} Rc8 28. Bf3 Nd7 29. Qd4 Kf8 30. Be2) 27... Rxd1 28. Bxd1 Kf8 29. Bf3 Ke7 30. c5 bxc5 31. bxc5 Kf8 32. Qb4 Ne8 33. Qb6 Qe5 34. Bc6 {[#] Hoping for Qd8!} Ke7 $1 35. Bxe8 Kxe8 $14 {[%mdl 4096] Endgame KQ-KQ} 36. c6 Qd6 (36... g5 $11) 37. Kg1 g5 38. h5 (38. Qb5 $14 Qc7 39. h5 (39. hxg5 hxg5 40. Qc5 f5 $14)) 38... f5 $11 {The position is equal.} 39. Qb7 Qd1+ 40. Kg2 {[#] White wants to mate with c7.} Qd5+ 41. Kh2 {Qb8+ is the strong threat.} Qd4 42. Kg1 Qd1+ 43. Kg2 {c7 would kill now.} Qd5+ 44. Kh2 {And now Qb8+ would win.} Qd4 45. Kg1 {Accuracy: White = 52%, Black = 56%.} 1/2-1/2

[Event "82nd Tata Steel Challengers 2020"]
[Site "Wijk aan Zee"]
[Date "2020.01.21"]
[Round "9.7"]
[White "Smirnov, Anton"]
[Black "Abdusattorov, Nodirbek"]
[Result "0-1"]
[WhiteElo "2604"]
[BlackElo "2635"]
[Annotator "TA"]
[PlyCount "130"]
[EventDate "2020.01.11"]
[EventType "tourn"]
[EventCountry "NED"]
[SourceTitle "playchess.com"]
[Source "ChessBase"]
[SourceQuality "1"]

{[%evp 21,192,17,17,17,17,14,22,17,14,14,23,0,64,27,75,75,79,0,0,0,0,0,0,0,0,-41,-42,-65,-32,-38,-29,-30,-18,-30,-14,-21,0,0,0,0,14,0,0,0,0,0,0,0,0,0,29,0,233,225,250,235,247,247,243,239,225,227,201,204,275,280,566,151,221,221,210,210,209,206,452,402,571,495,485,479,464,464,425,372,916,14,13,13,13,12,10,0,0,0,76,62,69,0,0,0,13,12,20,0,0,0,12,16,77,70,166,166,421,414,414,414,418,214,376,77,74,0,102,105,105,87,335,133,143,0,337,327,304,298,277,0,150,0,0,0,0,0,0,0,0,0,0,0,0,0,5,0,0,-29971,-29973,-29973,-29975,-29974,-29976,-29975,-29977,-29977,-29978,-29979,-29981,-29982,-29983,-29983,-29984,-29984,-29985,-29985,-29986]} 1. d4 Nf6 2. c4 e6 3. Nc3 Bb4 4. f3 d5 5. a3 Bxc3+ 6. bxc3 c5 7. cxd5 Nxd5 8. dxc5 Qa5 9. e4 Ne7 10. Be3 O-O 11. Qb3 Qc7 12. Bb5 {E25: Nimzo-Indian: Sämisch: 5...c5 6 f3 d5 7 cxd5.} Nec6 13. Ne2 Na5 14. Qb4 {The position is equal.} e5 15. Nd4 Nbc6 16. Qb2 {[#]} Rb8 $5 $146 {[%mdl 8] An interesting novelty.} (16... exd4 $11 17. cxd4 Bd7) ({Predecessor:} 16... Rd8 17. O-O exd4 18. cxd4 a6 19. Be2 Be6 20. Rab1 Nc4 21. Bxc4 Bxc4 22. Rfe1 f5 {½-½ (49) Cruzado Duenas,C (2601)-Almiron,L (2573) ICCF email 2014}) 17. Nf5 Be6 18. O-O a6 19. Ba4 (19. Be2 $1 $16) 19... Nc4 $11 20. Qf2 Ne7 21. Nd6 Nxe3 22. Qxe3 b6 23. Rfd1 (23. Ne8 $5 {[%cal Re8c7]} Qc8 24. Nd6 $11 (24. cxb6 Qc4 $17)) 23... bxc5 24. Rd2 Nc8 25. Nxc8 Rbxc8 26. Rad1 Rb8 27. h4 Qa5 28. Bc6 Bb3 29. Ra1 c4 30. Bd5 Kh8 31. Kh2 Rbd8 32. g4 Rd6 33. h5 Rf6 34. Kg3 h6 35. Rg2 Rd8 36. Kf2 (36. g5 {feels hotter.} hxg5 37. Kf2 Rg8 38. Rxg5 Qc7 39. Rh1) 36... Rxd5 $2 (36... Rf4 $11 {and Black is okay.}) 37. exd5 $18 Qxd5 38. g5 $1 {[%cal Rg5f6]} hxg5 39. Qxg5 {[%csl Gg2][%cal Rg5g7]} Rxf3+ 40. Kg1 {[%csl Gg2][%cal Rg5g7]} Qc5+ 41. Kh2 {[%csl Gg2][%cal Rg5g7][%mdl 1024] White has strong compensation.} Qf8 42. Rag1 $1 $40 {[%mdl 128] Black is in trouble.} Ba4 43. Rd2 (43. Qxg7+ Qxg7 44. Rxg7 Bc2 $16) (43. Qxe5 $6 Bd7 $16) 43... f6 $2 {[#]} (43... Rxc3 $2 44. h6 $18) (43... Rd3) 44. Qg6 $2 (44. Qg4 $1 $18 {[%mdl 512]} Rd3 45. Rxd3 cxd3 46. Qxa4) 44... Rd3 (44... Bc6 $16 {was necessary.} 45. Rgd1 (45. Rd8 Rf2+ 46. Kh3 Rf3+ {[%mdl 64] Double Attack} 47. Kh4 Rf4+ 48. Kh3 Rf3+ {[%mdl 64] Double Attack} 49. Kh2 Rf2+ 50. Kh3 Rf3+ $11 {[%mdl 64] Double Attack}) 45... Rd3) 45. Rxd3 cxd3 {[%mdl 4096] Endgame KQR-KQB} 46. h6 $1 {[%cal Rh6g7]} (46. Qxd3 Be8 $14) 46... gxh6 47. Qxd3 h5 $2 (47... Be8 48. Qxa6 Qf7) 48. c4 e4 (48... Qf7 {was called for.} 49. Qg6 Qxg6 50. Rxg6 a5 51. Rxf6 Kg7) 49. Qxe4 Bd7 {[#]} 50. Qh4 $1 Qf7 51. c5 Bc6 {[#] intending ...Qa2+.} 52. Qf4 $1 {Intending Qh6+ and mate.} Kh7 $2 (52... Qa2+ 53. Kh3 Qe6+ 54. Kh4 Kh7) 53. Kh3 $2 (53. Qd6 $18 Qd7 54. Qxd7+ Bxd7 55. Rd1) 53... Qe6+ $11 54. Kh4 {Rg3 is the strong threat.} Bd7 {[%csl Gd7][%cal Re6h3]} 55. Rh1 Kg6 56. Qd4 Kf7 57. Qf4 Qd5 (57... Kg6 $11 {keeps the balance.}) 58. Rf1 $1 $16 Qe6 {[%csl Gd7][%cal Re6h3]} 59. Rf3 (59. Qf3 $14) 59... Qe1+ $11 60. Rf2 Qc3 {[%csl Gd7][%cal Rc3h3] [#]} 61. Qf3 $1 Qd4+ $1 62. Qf4 Qc3 {[%csl Gd7][%cal Rc3h3] [#]} 63. Qf3 $1 Qd4+ $1 64. Kg3 h4+ (64... Bg4 $11 65. Qf4 (65. Qb7+ Kg6 $11) 65... Qd3+ 66. Kh2 Qh3+ 67. Kg1 Qc3) 65. Kh2 {Hoping for Qb3+.} Qe5+ {Played: Bd7-c6} 0-1